French conversation

Պահպանված է:
Մատենագիտական մանրամասներ
Հիմնական հեղինակ: KURBEGOV, Eliane
Ձևաչափ: Գիրք
Լեզու:անգլերեն
Հրապարակվել է: Mc Graw-Hill Education 2017
Ցուցիչներ: Ավելացրեք ցուցիչ
Չկան պիտակներ, Եղեք առաջինը, ով նշում է այս գրառումը!

MARC

LEADER 00000nam a22000007a 4500
008 210827b ||||| |||| 00| 0 eng d
020 |a 9781260010695 
100 |a KURBEGOV, Eliane 
245 |a French conversation  |c Eliane Kurbegov  |g vi,186p 
250 |b Premium second edition 
260 |b Mc Graw-Hill Education  |c 2017  |d Book  |h New Yyork  |i 696086  |i 696087  |l PC 2121.K96  |m French language conversational and phrase books  |m French language-Textbooks for foreign speakers-English  |m French language- Spoken French  |m French language- Self - instruction 
500 |a "It includes answer key" 
942 |a lcc  |c BK  |e Olagoke,M.A.  |f 28/08/2021 
952 |0 0  |1 0  |2 lcc  |4 0  |7 0  |9 3257  |a HOL  |b ED  |c LP  |d 2021-08-27  |o PC2121.K96  |p 2021-66961  |r 2021-08-27 00:00:00  |t 696088  |w 2021-08-27  |y BK 
952 |0 0  |1 0  |2 lcc  |4 0  |7 0  |9 3258  |a HOL  |b HOL  |c LP  |d 2021-08-27  |o PC2121.K96  |p 2021-66962  |r 2021-08-27 00:00:00  |t 696087  |w 2021-08-27  |y BK 
952 |0 0  |1 0  |2 lcc  |4 0  |7 0  |9 3259  |a HOL  |b HOL  |c LP  |d 2021-08-27  |o PC2121.K96  |p 2021-66963  |r 2021-08-27 00:00:00  |t 696086  |w 2021-08-27  |y BK 
999 |c 1631  |d 1631